| 000 | 00529nam a22001577a 4500 | ||
|---|---|---|---|
| 003 | OSt | ||
| 005 | 20160322151235.0 | ||
| 008 | 160322b xxu||||| |||| 00| 0 eng d | ||
| 040 | _cRUA | ||
| 082 | _aFOR SOK 2004 B473 Or.1 | ||
| 100 |
_98115 _aSOK VIBOLRITH; សុខ វិបុលរិទ្ធ |
||
| 245 | _aការរៀបចំថ្នាលបណ្ដុះកូនឈើដោយសហគមន៏មូលដ្ឋាន | ||
| 260 |
_aPhnom Penh _bRUA _c2004 |
||
| 300 |
_aiii;32p. _bill. _c29cm. |
||
| 942 |
_2ddc _cFOR |
||
| 999 |
_c7723 _d7723 |
||